Word Ladder: Boxing Great III Quiz Stats

Quiz Updated Jun 10, 2016

Challenge
Share
Tweet
Embed
Score 0/16 Timer 02:00
4 Plays Today
Clue 3-Letter Word % Correct
Noise made by a cow• MOO •
99.2%
Slang name for police officerCOP
97.5%
Baseball headwearCAP
96.9%
Wooden handled cleanerMOP
95.2%
Concealed from viewHID
92.6%
Formerly possessed• HAD •
87.5%
'Aw, ___ whiz!'GEE
86.3%
A snake-like sea creatureEEL
85.4%
Clue 3-Letter Word % Correct
Help or support (someone)AID
84.5%
Whole quantity or extent• ALL •
84.3%
Feel ill or have painAIL
82.9%
A form of hair care product or toothpasteGEL
82.6%
A wing of a buildingELL
76.7%
Smoked or salted pig meat• HAM •
76%
Surname of director Ang• LEE •
75%
Rotating part in machineryCAM
72.7%

Today's Daily Dose

Word Ladder
'90s Movies

Quick Pick
'Fire' Movies

On This Day
June 19th II

You're not logged in!

Compare scores with friends on all Sporcle quizzes.
Join for Free
OR
Log In

You Might Also Like...

Show Comments

Extras

Top Quizzes Today


Score Distribution

Your Account Isn't Verified!

In order to create a playlist on Sporcle, you need to verify the email address you used during registration. Go to your Sporcle Settings to finish the process.

Report this User

Report this user for behavior that violates our Community Guidelines.

Details: